| 000 | 00841nam a22002777i 4500 | ||
|---|---|---|---|
| 003 | DO-SdBNP | ||
| 005 | 20250604140317.0 | ||
| 007 | ta | ||
| 008 | 250604b2024 |||||||| |||| 00| 0 spa d | ||
| 020 | _a9789945251173 | ||
| 040 |
_aDO-SdBNP _bspa _cBNPHU _erda |
||
| 041 | _hsp | ||
| 082 |
_axxx _bA696n _222 |
||
| 100 | 1 |
_aArias, Luis _eautor _932023 |
|
| 245 | 0 |
_aNormativa aplicable a la inmigración : _bcaso República Dominicana aún pendientes / _cLuis Arias |
|
| 264 |
_aSanto Domingo : _bBúho, _c2024. |
||
| 300 |
_a355 páginas ; _c24 cm |
||
| 336 |
_ardacontent _btexto _2txt |
||
| 337 |
_ardamedia _bsin mediación _2n |
||
| 338 |
_ardacarrier _bvolumen _2nc |
||
| 490 |
_aArchivo General de la Nación ; _v523 |
||
| 590 | _aInventariado, 2025/DG | ||
| 830 | _nArchivo General de la Nación | ||
| 910 | _aDG | ||
| 942 |
_2ddc _cLBS1 |
||
| 999 |
_c58585 _d58585 |
||